Drilling Technology Handbook / (Record no. 6861)
[ view plain ]
| 000 -LEADER | |
|---|---|
| fixed length control field | 00318cam a2200121ua 4500 |
| 082 ## - DEWEY DECIMAL CLASSIFICATION NUMBER | |
| Classification number | 621.952 |
| Item number | CHU/DR |
| 100 ## - MAIN ENTRY--AUTHOR NAME | |
| Personal name | Chugh, Chandra Prakash . |
| 245 ## - TITLE STATEMENT | |
| Title | Drilling Technology Handbook / |
| 250 ## - EDITION STATEMENT | |
| Edition statement | 1 / |
| 260 ## - PUBLICATION, DISTRIBUTION, ETC. (IMPRINT) | |
| Place of publication | New Delhi : |
| Name of publisher | Oxford & IBH Publishing Company , |
| Year of publication | 1983. |
| 300 ## - PHYSICAL DESCRIPTION | |
| Number of Pages | 460 ; . |
| 942 ## - ADDED ENTRY ELEMENTS (KOHA) | |
| Koha item type | Reference |
| Withdrawn status | Lost status | Damaged status | Collection code | Home library | Current library | Shelving location | Date acquired | Full call number | Accession Number | Koha item type |
|---|---|---|---|---|---|---|---|---|---|---|
| KAUAET | 01/09/1986 | 028.71622 | 15553 | Books | ||||||
| Reference | KAUAET | KAUAET | Reference | 20/08/1986 | 621.952.CHO/DR | 15407 | Reference |
